00557 a2200169 450000500170000001000150001702000300003203500140006203700130007608200170008910000260010624500680013226000610020027000850026130000230034670000180036920211221161627.0 aENG-130472 a978-93-5460-102-6c865.00 aEN-114004 bDBAD/PUB a624.18341b1 aPillai, S Unnikrishna aReinforced Concrete Design:cS Unnikrishna Pillai, Devdas Menon aTamill NadubMcGraw Hill Education Private Limitedc2021 a444/1, Sri Ekambara Naicker Industrial Estate, Alapakkam, PorurbChennaie600116 a1044p.c22cm (pbk) aMenon, Devdas